BRAUNWALD'S HEART DISEASES (Record no. 14821)

MARC details
000 -LEADER
fixed length control field 00268nam a22001217a 4500
003 - CONTROL NUMBER IDENTIFIER
control field SGT
082 ## - DEWEY DECIMAL CLASSIFICATION NUMBER
Classification number 616.024
Item number B15M
100 ## - MAIN ENTRY--PERSONAL NAME
Personal name MARN, DOUGLAS
245 ## - TITLE STATEMENT
Title BRAUNWALD'S HEART DISEASES
260 ## - PUBLICATION, DISTRIBUTION, ETC. (IMPRINT)
Place of publication, distribution, etc PHILADELPHIA
Name of publisher, distributor, etc ELSEVIER
Year of Publication 2015
300 ## - PAGE DESCRIPTION
No. of Pages 1028
942 ## - ADDED ENTRY ELEMENTS (KOHA)
Source of classification or shelving scheme Dewey Decimal Classification
Koha item type Books
Holdings
Withdrawn status Lost status Source of classification or shelving scheme Damaged status Not for loan Collection code Home library Current library Shelving location Date acquired Vendor Name Volume Information (Serial or Books or Non-Book Material) SGTU Total Checkouts Full call number Accession No. (Barcode) Date last seen Bill Date Koha item type Date last borrowed
    Dewey Decimal Classification     MEDICAL SGT Medical Library SGT Medical Library Reference Book 29/01/2018 ABC 1 SGTU   616.024 B15M FM9668 29/01/2018 29/01/2018 Books  
    Dewey Decimal Classification     MEDICAL SGT Medical Library SGT Medical Library Reference Book 29/01/2018 ABC 1 SGTU 1 616.024 B15M FM9669 15/05/2025 29/01/2018 Books 01/05/2025
    Dewey Decimal Classification     MEDICAL SGT Medical Library SGT Medical Library Reference Book 29/01/2018 ABC 2 SGTU 1 616.024 B15M FM9670 09/05/2025 29/01/2018 Books 24/04/2025
    Dewey Decimal Classification     MEDICAL SGT Medical Library SGT Medical Library Reference Book 29/01/2018 ABC 2 SGTU   616.024 B15M FM9671 29/01/2018 29/01/2018 Books